The musical idea, and the logic, technique, and art of its presentation
Uloženo v:
| Hlavní autor: | |
|---|---|
| Médium: | Kniha |
| Jazyk: | angličtina |
| Vydáno: |
Nueva York
Columbia University
1995
|
| Témata: | |
| Tagy: |
Přidat tag
Žádné tagy, Buďte první, kdo vytvoří štítek k tomuto záznamu!
|
MARC
| LEADER | 00000nam a2200000 a 4500 | ||
|---|---|---|---|
| 001 | UCK1990 | ||
| 003 | CL-VaPUC | ||
| 008 | 041210e19950000US |||||||||||||||||eng|d | ||
| 020 | |a 0231064284 | ||
| 082 | 0 | 4 | |a 781.1 |b SCH |2 21 |
| 100 | 0 | |a Schoenberg, Arnold |e author |9 306737 | |
| 245 | 1 | 4 | |a The musical idea, and the logic, technique, and art of its presentation |
| 300 | |a 462 p | ||
| 942 | |c BK | ||
| 945 | |d 20041210 00:00:00 |a cmena | ||
| 260 | |a Nueva York |b Columbia University |c 1995 | ||
| 650 | 0 | |a Teoría musical |9 265760 | |
| 650 | 0 | |a Composición musical |9 306660 | |
| 650 | 0 | |a Filosofía del arte |9 264951 | |
| 583 | |a last modification |c 20041210 00:00:00 |k Rodrigo Vera | ||
| 999 | |c 311702 |d 311700 | ||
| 952 | |0 0 |1 0 |4 0 |6 781_100000000000000_SCH_1995 |7 0 |8 A |9 381292 |a BIBEDU |b BIBEDU |d 2019-11-21 |i 4084306 |o 781.1 SCH 1995 |p 4084306 |r 2023-01-12 |w 2019-11-21 |y BK |k MUS | ||